| 000 | 006660000a22002170004500 | ||
|---|---|---|---|
| 003 | LK-CoMWRAF | ||
| 008 | 230817t2000 ||||| |||| 00| 0 eng d | ||
| 040 |
_aLK-CoMWRAF _dLK-CoMWRAF _eLK-CoMWRAF |
||
| 041 | _aeng | ||
| 082 |
_a300 _bWOM |
||
| 111 |
_aIXTH NATIONAL CONFERNCE ON WOMEN'S STUDIES _c( NISIET, Hyderabad _d8-11 January 20000) |
||
| 245 | _aWomen's Perspectives on Public Policy | ||
| 260 |
_aHyderabad: _bThe Indian association for women's studies, _c2000 |
||
| 300 | _a25 p. | ||
| 650 | _aFeminism | ||
| 650 | _aProstitution | ||
| 650 | _areproductive Health/Rights | ||
| 650 | _aViolence Against Women | ||
| 650 | _aWomen's Movement/s | ||
| 942 | _cCP | ||
| 999 |
_c71 _d71 |
||